| 000 | 00819cam a2200289 4500 | ||
|---|---|---|---|
| 008 | 090401t1997 xxu||||| |||| 00| 0 eng d | ||
| 020 | _a1860811221 | ||
| 035 | _a(Sirsi) u77102 | ||
| 041 | _aeng | ||
| 050 | _a658.202 | ||
| 100 | _aBourke, Kathryn | ||
| 245 | _aFactors affecting service life predictions of buildings : a discussion paper. | ||
| 260 |
_aGarston _bBuilding Research Establishment _c1997 |
||
| 300 | _a26,11p. ; 30cm. | ||
| 350 | _a17 | ||
| 490 |
_aBR _v320 |
||
| 520 | _aBuilding Research Establishment Laboratory report. | ||
| 650 | _aBUILDING COMPONENTS | ||
| 650 | _aHAPM | ||
| 650 | _aLIFE CYCLE COSTING | ||
| 650 | _aSERVICE LIFE | ||
| 690 | _aBUILT ENVIRONMENT | ||
| 700 | _aDavies, Hywel | ||
| 710 | _aBuilding Research Establishment | ||
| 942 | _n0 | ||
| 948 | _c14/03/1997 | ||
| 999 |
_c96277 _d96277 |
||